Bir pratik teorisi için taslak : (Record no. 15152)

MARC details
000 -BAŞLIK
Sabit Uzunlukta Kontrol Alanı 00960nam a22002657a 4500
999 ## - SİSTEM KONTROL NUMARALARI (KOHA)
Koha Biblionumber 15152
Koha Biblioitemnumber 15152
003 - KONTROL NUMARASI IDENTIFIER
Denetim Alanı MIRAKIL
005 - SON İŞLEM TARİHİ VE ZAMANI
Denetim Alanı 20230215145846.0
008 - SABİT-BOY VERİ ELEMANLARI - GENEL BİLGİLER
Sabit Uzunlukta Kontrol Alanı 230215b tu ||||| |||| 00| 0 tur d
020 ## - ULUSLARARASI STANDART KİTAP NUMARASI
Uluslararası Standart Kitap Numarası 9786053995388
040 ## - KATALOGLAMA KAYNAK
Orijinal Kataloglama Ajansı TR-AnCHP
Metne Dönüştürmek Ajansı TR-AnCHP
041 ## - DİL KODU
Metin / Ses Parça Veya Ayrı Başlığın Dil Kodu tur
082 ## - DEWEY ONLU SINIFLANDIRMA NUMARASI
Sınıflandırma Numarası 305.809655
Ürün Numarası B68b 2018
100 ## - ANA GİRİŞ - KİŞİSEL İSİM
Kişisel Ad Bourdie, Pierre
245 ## - BAŞLIK TABLOSU
Başlık Bir pratik teorisi için taslak :
Başlığın Kalan Kabiliye üzerine üç etnoloji çalışması /
Sorumluluk Tablosu, Vb Pierre Bourdieu ; çeviren Nazlı Ökten
246 ## - UNVAN FORM VARYING
Başlık Doğru / Kısa Başlığı Kabiliye üzerine üç etnoloji çalışması
260 ## - YAYIN, DAĞITIM, VB
Yayın, Dağıtım, Vb Yeri İstanbul :
Yayıncı, Dağıtıcı, Vs Adı İstanbul Bilgi Üniversitesi,
Yayın, Dağıtım, Vb Tarihi 2018.
300 ## - FİZİKSEL TANIM
Kapsam xi, 258 s.
Boyutlar 23 sm.
490 0# - SERİSİ TABLOSU
Seri Beyanı İstanbul Bilgi Üniversitesi yayınları ;
-- Kavramlar ve pratikler ;
Hacim / Ardışık Tanımı 648.
-- 11.
504 ## - KAYNAKÇA VB NOT
Kaynakça Vb Notu Dizin vardır.
504 ## - KAYNAKÇA VB NOT
Kaynakça Vb Notu Bibliyografik bilgi içerir.
650 #0 - KONU KATMA GİRİŞ - TOPİKAL DÖNEM
9 (RLIN) 7320
Topikal Süreli Veya Coğrafi Ad Giriş Elemanı Etnoloji
700 ## - KATMA GİRİŞ - KİŞİSEL İSİM
9 (RLIN) 7319
Kişisel Ad Ökten, Nazlı
Relator Terim çev.
740 ## - KATMA GİRİŞ - KONTROLSUZ İLGİLİ / ANALİTİK BAŞLIK
Kontrol Edilmeyen / İlgili Analitik Başlıktaki Kabiliye üzerine üç etnoloji çalışması
942 ## - EKLENDİ GİRİŞ ELEMANLARI (KOHA)
Sınıflandırma Veya Raf Düzeni Kaynak Dewey Decimal Classification
Koha Öğesi Türü Books
Holdings
Kalıcı Konum Mevcut Konum Edinme Tarihi Toplam Check-Out'Lar Tam Çağrı Numarası Barkod Tarih Son Görülme İtibaren Geçerli Fiyatlar Koha Öğesi Türü
CHP Kütüphanesi CHP Kütüphanesi 02/15/2023   305.809655 B68b 2018 020723 02/15/2023 02/15/2023 Books